Enciclopedia argentina de agricultura y jardinería. tomo 2 fasc. 18-2 /
Guardado en:
| Formato: | Libro |
|---|---|
| Publicado: |
Buenos Aires :
Acme,
1980
|
| Edición: | 2a. ed. |
| Materias: | |
| Etiquetas: |
Agregar Etiqueta
Sin Etiquetas, Sea el primero en etiquetar este registro!
|
| LEADER | 00931nam a22002535a 4500 | ||
|---|---|---|---|
| 001 | CEM.cems016616 | ||
| 005 | 20100412153831.0 | ||
| 008 | 130507s1980##################000#0#####d | ||
| 003 | CEMS | ||
| 082 | 0 | 4 | |a 580 |
| 245 | 0 | 0 | |a Enciclopedia argentina de agricultura y jardinería. tomo 2 fasc. 18-2 / |c , |
| 250 | |a 2a. ed. | ||
| 260 | |a Buenos Aires : |b Acme, |c 1980 | ||
| 300 | |a 72 p. | ||
| 653 | |a Plantas textiles indigenas | ||
| 653 | |a Fibra textil | ||
| 653 | |a Malvaceas textiles | ||
| 653 | |a Malvavisco | ||
| 653 | |a Bombacaceas textiles | ||
| 859 | |a CEMS |b BIB. CEMS - Agricultura |h 580 |i En16a2 |p A0178.00 |t Ej.2 |v 2 |3 2 | ||
| 859 | |a CEMS |b BIB. CEMS - Agricultura |h 580 |i En16a2 |p A0179.00 |t Ej.3 |v 2 |3 2 | ||
| 859 | |a CEMS |b BIB. CEMS - Agricultura |h 580 |i En16a2 |p A0180.00 |t Ej.4 |v 2 |3 2 | ||
| 859 | |a CEMS |b BIB. CEMS - Agricultura |h 580 |i En16a2 |p A0181.00 |t Ej.5 |v 2 |3 2 | ||
| 859 | |a CEMS |b BIB. CEMS - Agricultura |h 580 |i En16a2 |p A7202.79 |t Ej.1 |v 2 |3 2 | ||
